A Companion for the altar : Extracted from Thomas © Kempis.

Bibliographic Details
Uniform Title:Imitatio Christi.
Main Author: Wesley, John, 1703-1791 (Author)
Corporate Author: Gale (Firm)
Other Authors: Thomas, à Kempis, 1380-1471
Format: eBook
Language:English
Published: London : [publisher not identified], Printed in the year MDCCLXI. [1761]
Edition:The sixth edition.
Subjects:
Online Access:Connect to the full text of this electronic book

MARC

Tag First Indicator Second Indicator Subfields
LEADER 00000cam a2200000 4500
001 in00003826921
005 20190415190806.0
006 m o d
007 cr |n||||||||n
008 930831s1761 enk|||| o 00| ||eng c
035 |a (CU-RivES)T219328 
035 |a (Uk-ES)006313777 
035 |a (OCoLC)510616592 
040 |a Uk-ES  |c Uk-ES  |d CU-RivES  |d CStRLIN  |d CU-RivES  |d Cengage Gale  |d UtOrBLW 
130 0 |a Imitatio Christi.  |k Selections.  |l English.  |0 http://id.loc.gov/authorities/names/n96067006 
245 1 2 |a A Companion for the altar :  |b Extracted from Thomas © Kempis. 
250 |a The sixth edition. 
264 1 |a London :  |b [publisher not identified],  |c Printed in the year MDCCLXI. [1761] 
300 |a 1 online resource (24 pages)  
336 |a text  |b txt  |2 rdacontent 
337 |a computer  |b c  |2 rdamedia 
338 |a online resource  |b cr  |2 rdacarrier 
500 |a The traditional attribution to Thomas à Kempis is disputed. 
500 |a A translation of 'Imitatio Christi'. 
500 |a Compiled by John Wesley. 
510 4 |a Baker,  |c 36 
510 4 |a English Short Title Catalog,  |c T219328. 
500 |a Reproduction of original from National Library of Wales. 
500 |a Electronic resource. 
650 0 |a God  |x Worship and love  |x Meditations. 
655 7 |a Electronic books.  |2 local 
700 1 |a Wesley, John,  |d 1703-1791,  |e author.  |0 http://id.loc.gov/authorities/names/n79060434 
700 0 |a Thomas,  |c à Kempis,  |d 1380-1471.  |0 http://id.loc.gov/authorities/names/n80002949 
710 2 |a Gale (Firm)  |0 http://id.loc.gov/authorities/names/no2008071348 
730 0 |a Companion for the altar. 
752 |a Great Britain  |b England  |d London. 
856 4 0 |u http://proxy.library.tamu.edu/login?url=http://find.galegroup.com/ecco/infomark.do?contentSet=ECCOArticles&docType=ECCOArticles&bookId=1383100400&type=getFullCitation&tabID=T001&prodId=ECCO&docLevel=TEXT_GRAPHICS&version=1.0&source=library&userGroupName=txshracd2898  |z Connect to the full text of this electronic book  |t 0 
999 f f |s b3c72b23-00e7-39ed-abe4-ea331d5d111c  |i 8f83b176-c2d1-32bd-8fd7-aa3889723c49  |t 0 
952 f f |a Texas A&M University  |b College Station  |c Electronic Resources  |d Available Online  |t 0  |h No information provided 
998 f f |t 0  |l Available Online